[Event "9th Hainan Danzhou GM 2018"]
[Site "Danzhou"]
[Date "2018.07.29"]
[Round "3"]
[White "Wei, Yi"]
[Black "Yu, Yangyi"]
[Result "0-1"]
[WhiteElo "2729"]
[BlackElo "2762"]
[Annotator "TA"]
[PlyCount "82"]
[EventDate "2018.07.27"]
[EventType "tourn"]
[EventCountry "CHN"]
[SourceTitle "playchess.com"]
[Source "ChessBase"]
[SourceQuality "1"]

{[%evp 15,82,27,38,17,40,31,39,26,31,22,50,42,49,45,60,47,52,49,72,4,9,2,3,2,2,0,0,0,0,0,0,0,0,0,0,0,0,-4,0,-3,-3,-12,-12,-18,-18,-35,-18,-18,-18,-64,-64,-64,-18,-53,0,-64,-64,-74,-75,-193,-198,-186,-162,-173,-160,-225,-214,-217,-216]} 1. e4 e5 2. Nf3 Nf6 3. Nxe5 d6 4. Nf3 Nxe4 5. Nc3 Nf6 6. d4 Be7 7. Bd3 O-O 8. O-O {C42: Petroff Defence: 3 Nxe5 and unusual White 3rd moves} (8. h3 Re8 9. O-O b6 10. Ne2 Bb7 11. Ng3 Nbd7 12. c3 Bf8 13. Bg5 g6 14. Re1 Rxe1+ 15. Nxe1 Bg7 {0-1 (44) Zhao,J (2611)-Yu,Y (2759) Tianjin 2018}) 8... Nc6 {LiveBook: 4 Games} 9. d5 Ne5 10. Nxe5 {White is slightly better.} dxe5 11. Re1 Nd7 $146 ({Predecessor:} 11... Bd6 12. Bg5 h6 13. Bh4 g5 14. Bg3 Re8 15. h3 a6 {½-½ (37) Cmor,N (1956)-Zagorsek,D (1862) Ptuj 2014}) 12. Ne4 (12. Qf3 {feels hotter.} a6 13. Qh3 g6 14. Bh6 Nf6 15. Qf3) 12... Nf6 13. Nxf6+ Bxf6 14. Qf3 Re8 15. c4 b6 16. Bd2 Qd7 17. Re4 ({White should play} 17. Rad1 $16) 17... c6 $11 18. dxc6 Qxc6 19. Rxe5 Bb7 20. Qxc6 Bxc6 21. Rxe8+ Rxe8 22. Bc3 Bxc3 23. bxc3 {[%mdl 4096] Endgame KRB-KRB} Re5 24. f3 Kf8 25. Kf2 ({But not} 25. Bxh7 $2 g6 $17) 25... h6 26. a3 g5 27. g3 {[%cal Bg2g3,Bg3f4][%mdl 32]} Ke7 28. f4 gxf4 29. gxf4 Rh5 30. Kg3 Bd7 {[%mdl 1024] Black has compensation.} 31. h4 Rc5 32. Re1+ Kf6 33. Rb1 Ra5 34. Ra1 Rc5 35. Rb1 Bf5 $1 {[%cal Rf5d3]} 36. Bxf5 Kxf5 $15 {KR-KR} 37. Rd1 (37. Rb4 $17 {was worth a try.}) 37... Rxc4 $19 {Black is clearly better.} 38. Rd5+ {[#]} Ke6 $1 39. Re5+ Kf6 40. Kg4 (40. Re3 $17) 40... Rxc3 41. a4 {[#]} Rc5 $1 {Precision: White = 51%, Black = 70%.} 0-1

[Event "9th Hainan Danzhou GM 2018"]
[Site "Danzhou"]
[Date "2018.07.29"]
[Round "3"]
[White "Vidit, Santosh Gujrathi"]
[Black "Shankland, Samuel"]
[Result "1-0"]
[WhiteElo "2718"]
[BlackElo "2727"]
[Annotator "TA"]
[PlyCount "129"]
[EventDate "2018.07.27"]
[EventType "tourn"]
[EventCountry "CHN"]
[SourceTitle "playchess.com"]
[Source "ChessBase"]
[SourceQuality "1"]

{[%evp 21,129,-4,13,20,44,39,41,42,38,16,36,20,39,36,38,44,45,41,54,54,53,50,52,49,61,58,70,75,79,53,72,17,22,12,12,12,41,8,75,75,164,164,164,172,171,161,171,144,201,199,180,162,162,139,139,139,158,151,151,146,143,143,135,133,163,164,249,197,202,156,165,110,941,945,1713,2051,1805,1802,1720,1775,803,518,543,0,1156,1139,2191,1545,6542,6215,952,0,29983,0,29985,29986,29986,29987,29988,29989,29989,29990,29990,29990,29988,29989,29989,29986,29984,29985]} 1. c4 c6 2. d4 d5 3. Nf3 Nf6 4. e3 Bg4 5. h3 Bxf3 6. Qxf3 e6 7. Nc3 Bb4 {D11: Slav Defence: 3 Nf3 sidelines and 3...Nf6 4 e3 Bg4} 8. Bd3 O-O 9. O-O Nbd7 10. Qd1 Qe7 (10... Re8 11. Bd2 dxc4 12. Bxc4 Qe7 13. a3 Bd6 14. Qc2 Rad8 15. Rfd1 h5 16. b4 h4 {0-1 (35) So,W (2815)-Carlsen,M (2832) chess.com INT 2017}) 11. Qb3 Rab8 {LiveBook: 4 Games} 12. c5 Ba5 13. Qa4 Bc7 14. f4 (14. Qxa7 $2 Ra8 $19) 14... a5 15. a3 {[%cal Ba2a3,Ba3b4,Bb4c5][%mdl 32]} Ra8 16. Bd2 Rfb8 17. Qc2 b6 18. b4 {[#]} axb4 $146 ({Predecessor:} 18... Qd8 19. cxb6 Nxb6 {1-0 (68) Kosic,D (2519)-Mastrovasilis,D (2574) Mallorca 2004}) 19. axb4 bxc5 20. bxc5 Ba5 21. Ra4 Bxc3 22. Bxc3 Nf8 23. Rfa1 Rxa4 24. Rxa4 Ng6 25. Ba5 Ra8 26. Bb6 ({White should play} 26. Be1 $16 Rxa4 27. Qxa4) 26... Qb7 $11 27. Qa2 Rxa4 28. Qxa4 Ne7 29. Qa5 Kf8 (29... Nf5 $11 {keeps the balance.}) 30. Bc7 $1 $36 {[%mdl 2048] White has strong initiative.} Ne8 (30... Nf5 $16) 31. Bd6 $1 $18 f5 32. Qd8 {Strongly threatening Ba6!} Kf7 33. Ba6 Qa7 34. Kh2 Nf6 {[#]} (34... h6 $16 {was called for.} 35. Kg1 Nf6) 35. Qb6 $1 {[%cal Rb6a7]} Qd7 36. Qb8 Nfg8 37. Kg1 Qe8 38. Qa7 Qd8 {intending ...Qa5.} 39. Bb7 {aiming for Bxc6.} Kg6 40. Qa6 Qe8 41. Kf1 h6 42. Qb6 Kh7 43. Qc7 Kg6 (43... e5 $142 44. Bxe5 (44. fxe5 f4 $16) 44... h5) 44. Ke1 Kh5 45. Ba6 Kg6 46. g4 (46. Kf2 $18) 46... Qa8 $2 {[%mdl 8192]} (46... fxg4 $16 47. hxg4 Qa8) 47. Bxe7 Nxe7 48. Qxe7 Qxa6 49. Qxe6+ {[%mdl 4096] Endgame KQ-KQ} Kh7 50. Qxf5+ Kh8 51. Qf8+ Kh7 52. Qf5+ (52. f5 $142) 52... Kh8 $1 53. g5 Qa1+ 54. Kf2 Qb2+ 55. Kf3 Qc1 56. g6 $2 (56. gxh6 $18 {Threatening mate with Qf8+.} gxh6 57. Qf6+ Kh7 58. Qe7+ Kg8 59. Qe8+ Kg7 60. Qd7+ Kf8 61. Qxc6) 56... Qf1+ $2 {[%mdl 8192] [#]} (56... Qd1+ $11 57. Kg3 Qg1+ 58. Kh4 Qf2+ 59. Kh5 Qe2+ 60. Qg4 Qa6) 57. Kg4 $1 {[%cal Rf5f8]} Qg2+ $2 {[%mdl 8192]} (57... Qe2+ $11 58. Kh4 Qf2+ 59. Kh5 Qe2+ 60. Qg4 Qa6) 58. Kh5 {[%cal Rf5f8] White mates.} Qe2+ 59. Qg4 Qa6 60. Kh4 Qa8 61. Qd7 h5 62. Kg3 Kg8 63. Kf3 h4 64. Qe6+ Kh8 65. Qe7 {Precision: White = 65%, Black = 40%.} 1-0

[Event "9th Hainan Danzhou GM 2018"]
[Site "Danzhou"]
[Date "2018.07.29"]
[Round "3"]
[White "Bu, Xiangzhi"]
[Black "Le, Quang Liem"]
[Result "1-0"]
[WhiteElo "2712"]
[BlackElo "2728"]
[Annotator "TA"]
[PlyCount "113"]
[EventDate "2018.07.27"]
[EventType "tourn"]
[EventCountry "CHN"]
[SourceTitle "playchess.com"]
[Source "ChessBase"]
[SourceQuality "1"]

{[%evp 11,113,8,18,8,18,7,22,9,31,35,47,41,63,62,78,93,60,81,132,133,150,135,176,168,178,151,204,193,202,199,208,189,198,198,197,202,197,197,204,210,232,239,277,252,275,256,262,250,277,287,359,355,355,350,347,325,305,300,238,217,1554,1642,1845,1871,1847,1847,1220,1234,1032,772,941,1334,1175,1101,880,275,515,491,5616,5324,4606,2566,551,760,5417,4904,29972,29973,29972,29973,29974,29975,29975,29976,29978,29979,29980,29981,29985,29986,29986,29987,29987,29988]} 1. c4 c5 2. Nf3 Nc6 3. d4 cxd4 4. Nxd4 Nf6 5. Nc3 e6 6. Bf4 d6 {LiveBook: 39 Games. A33: Symmetrical English: 2 Nf3 Nf6 3 d4 cxd4 4 Nxd4 e6 5 Nc3 Nc6} (6... d5 7. e3 Bb4 8. Be2 Bd7 9. Ndb5 e5 10. Bg5 a6 11. a3 axb5 12. axb4 Rxa1 13. Qxa1 dxc4 14. O-O O-O 15. Rd1 Qe7 16. Nd5 Qe6 17. Nc7 Qe7 18. Nd5 Qe6 19. Nc7 Qe7 {½-½ (19) Nepomniachtchi,I (2729)-Vachier Lagrave,M (2789) London 2017}) 7. Bg3 Nh5 $146 ({Predecessor:} 7... a6 8. e4 Be7 9. Be2 O-O 10. O-O Bd7 11. Nxc6 Bxc6 12. Bf3 Qb6 13. Rb1 Rfd8 14. Qe2 {1-0 (66) Fernandez,R-Lobato Soriano,M Seville 2001}) 8. e3 Nxg3 {The position is equal.} 9. hxg3 Bd7 10. Ndb5 Qb6 11. Qd2 O-O-O 12. Ne4 Kb8 13. Nbxd6 f5 14. c5 Qc7 (14... Qb4 $142) 15. Ng5 $36 {[%mdl 2048] Black must now prevent Ngf7. White has strong initiative.} Ne5 16. Rc1 (16. Rxh7 $6 Rxh7 17. Nxh7 Be7 $11) 16... Bxd6 17. cxd6 (17. Qxd6 $6 h6 $14) 17... Qb6 18. Qd4 (18. Rxh7 $6 Rxh7 19. Nxh7 Nf7 $14) 18... Rc8 (18... Qa5+ $16 19. b4 Qa3) 19. Rxc8+ $18 Rxc8 20. Qxb6 $1 (20. Qxe5 Rc1+ 21. Ke2 Qc6 $11) 20... axb6 21. f4 $1 ({Inferior is} 21. Nxh7 Nd3+ 22. Ke2 (22. Bxd3 Rc1+ 23. Ke2 Rxh1 $11) 22... Nxb2 $14) 21... Ng4 22. Rxh7 Rc1+ 23. Kd2 Rxf1 24. Rxg7 Rf2+ 25. Kc3 {[%mdl 1024] White has strong compensation.} Nf6 26. Rf7 Nd5+ 27. Kb3 Bc6 28. d7 ({Don't take} 28. Nxe6 $6 Re2 $18) 28... Bxd7 29. Rxd7 Rxg2 30. Nxe6 Rxg3 {[%mdl 4096] Endgame KRN-KRN} 31. Rd8+ ({Weaker is} 31. Rxd5 Rxe3+ 32. Kc2 Rxe6 $18) 31... Ka7 32. Rxd5 Rxe3+ 33. Kc4 Rxe6 34. Rxf5 {KR-KR} Re2 35. b4 {[%cal Bb2b4,Bb4b5][%mdl 32]} Rxa2 $2 (35... Re4+ 36. Kb5 Re3) 36. b5 Ra4+ 37. Kd3 $1 {[%cal Rd3e3]} Kb8 38. Ke3 $1 Ra3+ 39. Ke4 Ra4+ 40. Kf3 Rd4 41. Ke3 $1 {[%cal Re3d4]} Rd1 42. Ke4 $1 Re1+ 43. Kd4 Rd1+ {[#]} 44. Ke5 $1 Kc7 (44... Re1+ $142 45. Kd6 Rf1 46. Rf8+ Ka7) 45. Rg5 Re1+ {[#]} 46. Kd5 $1 Rf1 47. f5 {[%cal Bf4f5,Bf5f6,Bf6f7][%mdl 32]} Kd7 48. Rg7+ Kd8 49. Ke6 {White mates.} Re1+ 50. Kf7 Kd7 51. f6 Kd6 52. Kf8 Ra1 53. Rg2 Rb1 54. f7 Rxb5 55. Rg6+ Kc7 56. Kg7 Rf5 57. Rf6 {Precision: White = 96%, Black = 52%.} 1-0

[Event "9th Hainan Danzhou GM 2018"]
[Site "Danzhou"]
[Date "2018.07.30"]
[Round "4"]
[White "Yu, Yangyi"]
[Black "Vidit , Santosh Gujrathi"]
[Result "1-0"]
[WhiteElo "2762"]
[BlackElo "2718"]
[Annotator "TA"]
[PlyCount "123"]
[EventDate "2018.07.27"]
[EventType "tourn"]
[EventCountry "CHN"]
[SourceTitle "playchess.com"]
[Source "ChessBase"]
[SourceQuality "1"]

{[%evp 23,123,33,30,22,0,0,0,0,29,28,37,28,11,0,0,0,0,0,0,0,16,7,14,10,7,11,6,8,8,8,7,9,0,-10,31,34,29,23,45,41,79,12,85,85,85,85,85,85,78,47,47,47,47,47,102,47,97,85,97,97,104,85,104,88,84,77,90,78,104,104,105,88,105,86,143,143,2927,2591,2361,1968,1822,1564,5081,4540,6211,6183,3314,2813,29977,29978,29978,29972,29974,29973,29966,29970,29982,29983,29980,29981,29989,29990]} 1. d4 Nf6 2. c4 g6 3. Nc3 d5 4. cxd5 Nxd5 5. e4 Nxc3 6. bxc3 Bg7 7. Nf3 c5 8. Be3 Qa5 9. Qd2 O-O 10. Rc1 Nd7 11. Bd3 {D85: Exchange Grünfeld: Unusual White 7th moves and lines with 7 Nf3} e5 12. d5 f5 {LiveBook: 6 Games} 13. Qe2 $146 {White has an edge.} ({Predecessor:} 13. Bg5 Nf6 14. Nxe5 Nxe4 15. Bxe4 fxe4 16. Nc4 Qa6 17. Ne3 Bd7 18. c4 Rae8 {0-1 (49) Vovk,Y (2600)-Zubov,A (2604) Lvov 2017}) 13... fxe4 14. Bxe4 Nf6 15. d6 Nxe4 16. Qc4+ Kh8 17. Qxe4 Bf5 18. Qd5 Qa4 19. Ng5 ({Don't play} 19. Bxc5 Qa5 $17) 19... h6 20. Ne6 Bxe6 $1 21. Qxe6 Qc6 22. Qxg6 Rf6 23. Qg4 Rxd6 24. O-O c4 25. Rfd1 {And now Rxd6 would win.} Rd3 26. Rxd3 cxd3 27. f3 Rd8 28. Qe4 d2 29. Rd1 {Hoping for Qxc6.} Qxc3 30. Kf2 b6 31. a4 Qa5 32. g4 (32. Qc6 $16) 32... b5 (32... a6 $11 {keeps the balance.}) 33. axb5 $1 $16 Qxb5 34. Rxd2 Rxd2+ 35. Bxd2 Qb2 36. Ke2 Qb5+ 37. Qd3 Qb6 38. h4 a6 (38... a5 $14) 39. h5 (39. Qd5 $16) 39... Qe6 40. Bc3 Kg8 41. Qe4 Qa2+ 42. Ke3 Qe6 43. Qb7 Qc4 {[#]} 44. Qb4 $1 {[%cal Rb4c4]} Qc6 45. Qa5 Qf6 46. Qd5+ Kh8 47. Ke4 {[%cal Rc3e5]} Qf4+ 48. Kd3 Qf6 ({Black should play} 48... Qg3) 49. Ba5 Qf8 $2 {[%mdl 8192] [#]} (49... Kh7 $16 50. Bc3 Qf8 51. Qe4+ Kg8) 50. Qd8 $1 $18 {[%cal Rd8f8]} Qxd8+ 51. Bxd8 {[%mdl 4096] Endgame KB-KB} Kg8 52. Ke4 Bf8 53. Ba5 Bd6 54. Kd5 Bb8 55. Bc3 Ba7 56. Kxe5 {White mates.} Bb6 57. Kf6 Be3 58. Kg6 Bf4 59. Bb4 ({Less strong is} 59. Bg7 a5 $18) 59... Bc1 60. Bd6 a5 61. f4 {[%cal Bf3f4,Bf4f5][%mdl 32]} a4 62. f5 {Precision: White = 63%, Black = 42%.} 1-0

[Event "9th Hainan Danzhou GM 2018"]
[Site "Danzhou"]
[Date "2018.07.30"]
[Round "4"]
[White "Le, Quang Liem"]
[Black "Fedoseev, Vladimir"]
[Result "1/2-1/2"]
[WhiteElo "2728"]
[BlackElo "2707"]
[Annotator "TA"]
[PlyCount "72"]
[EventDate "2018.07.27"]
[EventType "tourn"]
[EventCountry "CHN"]
[SourceTitle "playchess.com"]
[Source "ChessBase"]
[SourceQuality "1"]

{[%evp 19,72,5,12,0,40,52,64,37,28,32,25,-4,0,0,0,0,0,2,2,0,0,0,0,0,0,0,0,0,0,0,0,0,0,0,0,0,0,0,0,0,0,-17,0,0,0,0,0,0,0,0,0,0,0,0,0]} 1. e4 e5 2. Nf3 Nc6 3. d4 exd4 4. Nxd4 Bc5 5. Nb3 Bb6 6. Nc3 Nf6 7. Qe2 {C45: Scotch Game} (7. Bg5 h6 8. Bh4 d6 9. f3 g5 10. Bg3 Qe7 11. Qd2 Bd7 12. h4 Rg8 13. O-O-O O-O-O 14. hxg5 hxg5 15. Rh6 Be6 16. Bb5 Bxb3 17. axb3 {1-0 (41) Navara,D (2726)-Malakhov,V (2691) Antalya 2017}) 7... O-O 8. Bg5 {[%cal Bc1g5,Bg5h4,Bh4g3][%mdl 32]} h6 9. Bh4 Nd4 10. Qd3 Nxb3 {LiveBook: 6 Games} 11. cxb3 g5 $146 ({Predecessor:} 11... Re8 12. O-O-O d6 13. Qc2 c6 14. Bc4 Qe7 {1-0 (24) Wang,J (2364)-Sachdev,T (2417) Zaozhuang 2012}) 12. Bg3 d5 13. O-O-O ({Much weaker is} 13. Nxd5 Nxd5 14. Qxd5 Qxd5 $15) 13... c6 14. exd5 Nxd5 15. h4 {[%cal Rc3d5]} Bg4 {The position is equal.} 16. Be2 Bxe2 17. Qxe2 {Threatens to win with Qh5.} Nxc3 $1 18. bxc3 Qf6 $132 {[%mdl 2048] Black is fighting back} 19. Rd3 Rfe8 20. Qd2 g4 21. Rd6 Re6 22. Rxe6 fxe6 23. Re1 Rd8 24. Qc2 Rd5 25. Kb1 h5 26. Re2 Qf5 27. Kc1 Bc5 {[#] ( -> ...Ba3+)} 28. Qxf5 Rxf5 $11 {[%mdl 4096] Endgame KRB-KRB} 29. b4 Bb6 30. Rd2 Kf7 31. c4 {next c5 is good for White.} Ke8 32. Kc2 Bd8 33. Re2 Kf7 34. Rd2 Ke8 35. Re2 Kf7 36. Rd2 Ke8 {Precision: White = 74%, Black = 90%.} 1/2-1/2

[Event "9th Hainan Danzhou GM 2018"]
[Site "Danzhou"]
[Date "2018.07.30"]
[Round "4"]
[White "Shankland, Samuel"]
[Black "Duda, Jan Krzysztof"]
[Result "1-0"]
[WhiteElo "2727"]
[BlackElo "2737"]
[Annotator "TA"]
[PlyCount "67"]
[EventDate "2018.07.27"]
[EventType "tourn"]
[EventCountry "CHN"]
[SourceTitle "playchess.com"]
[Source "ChessBase"]
[SourceQuality "1"]

{[%evp 27,67,58,68,66,55,12,28,25,22,22,44,40,59,57,59,52,56,24,7,0,10,0,16,0,15,11,177,183,166,108,145,43,143,145,614,572,1407,1480,1206,1217,12843,12843]} 1. e4 c5 2. Nf3 e6 3. d4 cxd4 4. Nxd4 Nf6 5. Nc3 d6 6. Be3 Be7 7. f3 O-O 8. Qd2 Nc6 9. O-O-O d5 10. Be2 dxe4 {B80: Sicilian Scheveningen: 6 g3 and 6 Be3, including English Attack} (10... a6 11. Kb1 Qc7 12. exd5 Nxd5 13. Nxd5 exd5 14. Nb3 Rd8 15. Bg5 d4 16. h4 Be6 17. Bd3 a5 18. Bxe7 Qxe7 {½-½ (34) Giri,A (2752)-Van Wely,L (2657) Amstelveen 2017}) 11. Nxc6 bxc6 12. Qxd8 Bxd8 13. Nxe4 Nxe4 14. fxe4 Bb6 {LiveBook: 3 Games} 15. Bxb6 axb6 {[#]} 16. Kb1 $146 ({Predecessor:} 16. a3 Ba6 17. Bxa6 Rxa6 18. Rd6 {½-½ (67) Valutanu,M (2645)-Stull,N (2576) ICCF email 2011}) 16... Ba6 17. Bxa6 Rxa6 $11 {[%mdl 4096] Endgame KRR-KRR} 18. Rd6 Rfa8 19. Rhd1 {Intending Rd8+ and mate.} g5 20. Rxc6 Rxa2 {[%csl Ga8][%cal Ra2a1]} 21. c4 $1 R2a4 22. Rd7 g4 23. h3 h5 24. hxg4 hxg4 25. Rd3 Kf8 26. Kc2 b5 $2 (26... R8a5 $11 {and Black stays safe.}) 27. cxb5 $18 Rxe4 28. b6 ({White should try} 28. Kc3 $18) 28... Rb8 $16 29. Rb3 (29. Kc3 $1 $16) 29... Ke8 {[#]} (29... Ke7 $1 $14) 30. Kd3 $1 {[%cal Rd3e4]} Ra4 $2 {[%mdl 8192] [#]} (30... Rf4 $16) 31. Rc7 $1 $18 {White is clearly winning.} Ra6 32. b7 Rd6+ 33. Kc4 Rdd8 34. Rd3 {Precision: White = 60%, Black = 14%.} 1-0

[Event "9th Hainan Danzhou GM 2018"]
[Site "Danzhou"]
[Date "2018.07.30"]
[Round "4"]
[White "Bu, Xiangzhi"]
[Black "Wei, Yi"]
[Result "1/2-1/2"]
[WhiteElo "2712"]
[BlackElo "2729"]
[Annotator "TA"]
[PlyCount "44"]
[EventDate "2018.07.27"]
[EventType "tourn"]
[EventCountry "CHN"]
[SourceTitle "playchess.com"]
[Source "ChessBase"]
[SourceQuality "1"]

{[%evp 31,44,0,0,0,0,0,0,0,0,0,0,0,0,0,0]} 1. d4 Nf6 2. c4 e6 3. Nc3 Bb4 4. Nf3 d5 5. Bg5 dxc4 6. e4 c5 7. Bxc4 cxd4 8. Nxd4 Bxc3+ 9. bxc3 Qa5 10. Bb5+ Bd7 11. Bxf6 gxf6 12. Qb3 a6 13. Bxd7+ {D39: Damengambit (Ragosin-Verteidigung)} (13. Be2 Nc6 14. O-O Qc7 15. Rab1 Na5 16. Qa3 Rc8 17. c4 Nxc4 18. Bxc4 Qxc4 19. Rfd1 Qc3 20. Qd6 Qc7 21. Qa3 Qc3 22. Qd6 {½-½ (22) Lputian,S (2638)-Lautier,J (2666) Poikovsky 2003}) 13... Nxd7 14. Nxe6 Rc8 15. O-O Rxc3 16. Ng7+ Kf8 {[#] LiveBook: 3 Partien. Die Stellung ist ausgeglichen.} 17. Qxb7 $146 {[#] Und weiter mit Sf5 wäre nett.} ({Vorgänger:} 17. Qd1 Kxg7 18. Qg4+ Qg5 19. Qxd7 Qb5 20. Qg4+ Qg5 21. Qd7 Qb5 22. Qxb5 axb5 23. Rfb1 Ra8 {½-½ (23) Rustemov,A (2539)-Yakovich,Y (2565) Swidnica 1999}) 17... Rc7 (17... Nc5 $5 18. Qc8+ $8 Kxg7 19. Qg4+ Kf8 20. Qc8+ Kg7 21. Qg4+ Kf8 22. Qc8+ Kg7 $11) 18. Qb3 Kxg7 19. Qg3+ Kf8 {Droht ...Tg8 und aus.} 20. Qd6+ $1 Kg7 {[#] Weiss muss nun ...Se5 beachten.} 21. Qg3+ Kf8 {zielt auf ...Tg8 ab.} 22. Qd6+ $1 Kg7 1/2-1/2

[Event "9th Hainan Danzhou GM 2018"]
[Site "Danzhou"]
[Date "2018.08.01"]
[Round "5"]
[White "Duda, Jan Krzysztof"]
[Black "Yu, Yangyi"]
[Result "1/2-1/2"]
[WhiteElo "2737"]
[BlackElo "2762"]
[Annotator "TA"]
[PlyCount "100"]
[EventDate "2018.07.27"]
[EventType "tourn"]
[EventCountry "CHN"]
[SourceTitle "playchess.com"]
[Source "ChessBase"]
[SourceQuality "1"]

{[%evp 19,100,8,8,8,6,11,12,12,10,10,8,6,8,0,0,0,0,0,12,0,0,0,0,0,0,-1,0,-22,0,0,0,0,0,0,0,0,0,-7,-10,-18,0,-23,-25,-24,-10,-39,-25,-34,-13,-13,-13,-30,0,-13,0,-13,-13,-13,-13,-13,-13,-16,-13,-17,0,-16,0,0,0,0,0,0,0,0,0,0,0,0,0,0,0,0,0]} 1. e4 c5 2. Nf3 e6 3. d4 cxd4 4. Nxd4 a6 5. c4 Nf6 6. Nc3 Qc7 7. Be2 b6 {B41: Sicilian: Kan Variation: 5 c4} (7... Bb4 8. O-O O-O 9. Qd3 d6 10. Bd2 Nc6 11. Nb3 b6 12. Rac1 Bc5 13. Bg5 Bb7 14. Qg3 Kh8 15. Rfd1 Ne5 16. Nxc5 bxc5 {0-1 (34) Naiditsch,A (2705)-Artemiev,V (2691) Riadh 2017}) 8. f4 Bb7 9. e5 Ne4 10. Nxe4 Bxe4 {LiveBook: 4 Games} 11. Bf3 Bb4+ 12. Kf2 Bxf3 13. Qxf3 Nc6 14. Nxc6 $146 ({Predecessor:} 14. Be3 O-O 15. Rac1 Nxd4 16. Bxd4 {1-0 (39) Bellahcene,B (2481)-Chernykh,A (1983) Wasselonne 2017}) 14... dxc6 15. Be3 O-O 16. g3 Rad8 17. Rhd1 Be7 18. Qe4 b5 19. Ke2 bxc4 20. Qxc4 Qb7 21. Qb3 Qa8 22. Rxd8 Rxd8 23. Kf2 c5 24. Qc4 h5 25. h4 g6 26. Re1 Rb8 27. b3 Rb4 28. Qe2 a5 29. Bd2 Rd4 30. Bc3 Rd5 31. Qc4 Kf8 32. Rf1 Rd7 33. Kg1 Kg8 34. Kh2 Qd8 35. Kh3 Qa8 36. Kh2 {The position is equal.} Ra7 37. a4 Rd7 38. Qb5 Rb7 39. Qc6 Qb8 40. Rb1 Rb6 41. Qd7 $1 {[%cal Rd7e7]} Rb7 42. Qc6 $1 Rxb3 43. Rxb3 Qxb3 44. Bxa5 c4 45. Bc7 $1 c3 46. Bd6 Qc2+ 47. Kh3 Qf5+ 48. Kh2 Qc2+ 49. Kh3 Qf5+ 50. Kh2 Qc2+ {Precision: White = 60%, Black = 68%.} 1/2-1/2

[Event "9th Hainan Danzhou GM 2018"]
[Site "Danzhou"]
[Date "2018.08.01"]
[Round "5"]
[White "Wei, Yi"]
[Black "Le, Quang Liem"]
[Result "1/2-1/2"]
[WhiteElo "2729"]
[BlackElo "2728"]
[Annotator "TA"]
[PlyCount "144"]
[EventDate "2018.07.27"]
[EventType "tourn"]
[EventCountry "CHN"]
[SourceTitle "playchess.com"]
[Source "ChessBase"]
[SourceQuality "1"]

{[%evp 17,144,6,28,16,20,23,29,26,23,28,49,42,42,25,62,37,35,37,35,31,47,47,63,48,125,118,125,119,104,39,89,33,136,130,130,131,137,86,82,89,85,50,43,0,4,8,6,9,8,0,0,0,0,0,0,0,0,0,0,0,0,0,0,0,15,16,19,0,0,0,0,0,0,0,0,0,0,0,0,0,0,0,0,0,0,0,0,0,81,81,81,80,81,0,0,0,0,0,0,0,13,0,0,0,0,0,0,0,0,0,0,0,0,0,0,0,0,0,0,0,0,0,0,0,0,0,0,0,0]} 1. d4 Nf6 2. c4 e6 3. g3 Bb4+ 4. Nd2 d5 5. Bg2 O-O 6. Ngf3 b6 7. O-O Bb7 8. b3 {E16: Queen's Indian: 4 g3 Bb7 5 Bg2 Bb4+} Nbd7 9. Bb2 c5 {LiveBook: 3 Games} 10. a3 {White has an edge.} Bxd2 11. Nxd2 Rc8 12. b4 cxd4 13. Bxd4 {[#]} e5 $146 ({Predecessor:} 13... Qe7 14. Rc1 Rfd8 15. Qb3 dxc4 16. Nxc4 Bxg2 17. Kxg2 {0-1 (55) Ding,L (2777)-Carlsen,M (2837) Riadh 2017}) 14. Bb2 Qe7 15. Rc1 Rfd8 16. Qb3 {[%cal Rg2d5]} dxc4 17. Nxc4 Bxg2 18. Kxg2 b5 19. Na5 Nb6 $1 20. Qe3 Rd5 (20... Rxc1 $1 $14 21. Rxc1 Re8) 21. Rxc8+ $16 Nxc8 22. Rc1 Nb6 23. Rc5 (23. Nc6 $16 Qb7 24. Qf3) 23... Qd7 24. Qb3 (24. f3 $16) 24... e4 (24... Qd6 $14) 25. Bxf6 $1 gxf6 26. Qe3 $1 Qe6 27. Rc6 ({White should try} 27. Nb3) 27... Qe5 28. Nb3 Kg7 29. Nd2 Rd4 30. Nb3 Rc4 31. Rc5 Nd5 32. Qd2 Rxc5 33. Nxc5 e3 34. Qd3 exf2 35. Kxf2 Nc3 36. Ke1 Nd5 37. Kf2 h5 38. Nd7 Qe6 39. Nc5 Qe5 40. Nb3 Ne7 41. Nd4 a6 42. Kf3 h4 43. Qe4 hxg3 44. hxg3 Qd6 45. e3 {And now Qxe7! would win.} Kg8 46. Qa8+ Kg7 47. Qb7 {Strongly threatening Qxe7!} Kg8 48. Qe4 Kf8 49. Ke2 Nd5 ({But not} 49... Qxg3 $2 50. Qxe7+ $1 {[%mdl 512]} Kxe7 51. Nf5+ Ke6 52. Nxg3 $18) 50. Qh1 {aiming for Qh8+.} Ke8 51. Qh8+ Kd7 $1 52. Qh7 Ke8 (52... Qe5 $11 {remains equal.} 53. Qxf7+ Kd6 54. Qf8+ Kd7 55. Qg7+ Kd6) 53. Qg8+ Qf8 54. Qg4 {Threatening mate with Qc8+.} Kd8 {[#]} 55. e4 (55. Qh5 $1 $16 {[%cal Rh5d5]} Nc7 56. Qg4 (56. Nc6+ Kd7 $14)) 55... Nb6 $1 $11 {The position is equal.} 56. Qf4 Nd7 57. Kf1 Qh8 58. Kg2 Ne5 59. Nc6+ Ke8 60. Nxe5 fxe5 {[%mdl 4096] Endgame KQ-KQ} 61. Qf5 {Black must now prevent Qc8+.} Ke7 62. Qg5+ f6 63. Qc1 Kf7 64. Qc7+ Kg6 65. Qd7 Qh5 {White should prevent ...Qe2+.} 66. Qe8+ Kg5 67. Qg8+ Qg6 68. Qxg6+ Kxg6 69. g4 Kg5 70. Kg3 $1 Kg6 {...Kg5 is the strong threat.} 71. Kg2 Kg5 72. Kg3 $1 Kg6 {Precision: White = 66%, Black = 69%.} 1/2-1/2